| 000 | 00553nam a2200157Ia 4500 | ||
|---|---|---|---|
| 008 | 240729s9999 xx 000 0 und d | ||
| 022 | _a1843-5610 | ||
| 245 | 0 | _aJournal of Identity and Migration Studies | |
| 260 | _aRomania | ||
| 260 | _bUniversity of Oradea, Research Centre on Identity and Migration Studies-RCIMI | ||
| 650 | _a Colonies and colonization. Emigration and immigration. International migration | ||
| 650 | _aPolitical science | ||
| 856 | _uhttps://doaj.org/toc/55aa10ac4d834ee1bf951e9fdb1a1390 | ||
| 942 | _2ddc | ||
| 942 | _cDOAJEJ | ||
| 999 |
_c65548 _d65548 |
||
| 945 |
_a1 _bMadushi Gamage _c1 _dMadushi Gamage |
||